Which Canadian Province/Territory… - Statistics

General Stats
  • This quiz has been taken 7 times
  • The average score is 12 of 24
Answer Stats
Hint Answer % Correct
…has a population of over 15 million? Ontario
86%
…bears the fleur-de-lys on its flag? Quebec
86%
…is the origin of poutine? Quebec
86%
…dominates Canada’s oil production? Alberta
71%
…borders the US state of Washington? British Columbia
71%
…joined Canada as its tenth province in 1949? Newfoundland and Labrador
71%
…fishes the most lobster? Nova Scotia
71%
…borders four of the five Great Lakes? Ontario
71%
…is famous for the 1896 Klondike gold rush? Yukon
71%
…is the only province without a provincial sales tax? Alberta
57%
…is home to Great Slave Lake, North America’s deepest lake? Northwest Territories
57%
…is known for its red soil? Prince Edward Island
57%
…is the setting of Anne of Green Gables? Prince Edward Island
57%
…is known as the Keystone Province? Manitoba
43%
…is known for its bilingual Acadian culture? New Brunswick
43%
…can Mount Logan, Canada’s highest peak, be found in? Yukon
43%
…changed its name in 2001? Newfoundland and Labrador
29%
…has the highest Inuit population? Nunavut
29%
…is over 20% of Canada’s total land area? Nunavut
29%
…has a name derived from the Iroquois word for “sparkling waters”? Ontario
29%
…boasts the world’s largest hockey stick, at 62m long? British Columbia
14%
…sees residents call themselves “herring chokers”? New Brunswick
14%
…has the highest GDP per capita, at nearly 137,000 CAD? Nunavut
14%
…has the highest Cree population? Saskatchewan
14%
No matching quizzes found
Score Distribution
Percent of People with Each Score
Percentile by Number Answered
Your Score History
You have not taken this quiz